01588nam a2200385 a 4500001001200000003000800012006001900020007001500039008004100054010001700095020001500112020002200127040002100149035002000170050002300190082001700213100002600230245017800256260004400434300002700478490003800505500007900543504006600622533015200688650003400840650003300874650001700907655002900924700002000953700002300973710001700996830004601013856012601059999001701185ebr10070737CaPaEBRm u cr cn|||||||||050811r20021996enka sb 001 0 eng  z 95047040  z0203006747 z0415121205 (pbk.) aCaPaEBRcCaPaEBR a(OCoLC)7072929614aHB98b.O372 2002eb04a330.15/72201 aO'Driscoll, Gerald P.14aThe economics of time and ignoranceh[electronic resource] /cGerald P. O'Driscoll, Jr. and Mario J. Rizzo ; with a contribution by Roger W. Garrison and a new introduction. aLondon ;aNew York :bRoutledge,c2002. axxxiii, 265 p. :bill.1 aFoundations of the market economy aOriginally published: Oxford, UK ; New York, NY, USA : B. Blackwell, 1985. aIncludes bibliographical references (p. [237]-257) and index. aElectronic reproduction.bPalo Alto, Calif. :cebrary,d2013.nAvailable via World Wide Web.nAccess may be limited to ebrary affiliated libraries. 0aAustrian school of economics. 0aTime and economic reactions. 0aUncertainty. 7aElectronic books.2local1 aRizzo, Mario J.1 aGarrison, Roger W.2 aebrary, Inc. 0aFoundations of the market economy series.40uhttp://site.ebrary.com/lib/rucke/Doc?id=10070737zAn electronic book accessible through the World Wide Web; click to view c31588d31588